000 00411nam a2200157Ia 4500
008 220204s9999 xx 000 0 und d
082 _a579:577.27
_bDAV
100 _aDAVIS, Bernard D
245 0 _aPrinciples of microbiology and immunology
260 _aLondon
_bHarper & Row
_c1967
650 _aBacterial physiology
650 _aImmunology
650 _aMicrobiology
650 _aVirology
942 _cBK
999 _c23753
_d23753